Formulas And Functions With Microsoft Office Excel 2007 (Record no. 317416)

MARC details
000 -LEADER
fixed length control field 00432nam a2200157Ia 4500
008 - FIXED-LENGTH DATA ELEMENTS--GENERAL INFORMATION
fixed length control field 230718s9999 xx 000 0 und d
041 ## - LANGUAGE CODE
Language code of text/sound track or separate title eng
082 ## - DEWEY DECIMAL CLASSIFICATION NUMBER
Classification number 005.3684
Item number MCF
100 ## - MAIN ENTRY--PERSONAL NAME
Personal name McFedries P.
9 (RLIN) 131638
245 ## - TITLE STATEMENT
Title Formulas And Functions With Microsoft Office Excel 2007
260 ## - PUBLICATION, DISTRIBUTION, ETC. (IMPRINT)
Name of publisher, distributor, etc. Pearson Education
300 ## - PHYSICAL DESCRIPTION
Extent 523
365 ## - TRADE PRICE
Currency code Rs.
Price amount 475.00
700 ## - ADDED ENTRY--PERSONAL NAME
Personal name McFedries P.
9 (RLIN) 131638
906 ## - LOCAL DATA ELEMENT F, LDF (RLIN)
d B:126703-Aug-2007
c COMP
b 95
Holdings
Withdrawn status Lost status Damaged status Not for loan Home library Current library Date acquired Vendor Budget Code Cost, normal purchase price Bill number Total Checkouts Full call number Barcode Date last seen Discount Cost, replacement price Bill Date Koha item type Original Barcode
        Cummins College of Engineering for Women Pune Cummins College of Engineering for Women Pune 11/09/2007 Tbs COMP 380.00 1267   005.3684 CCEP-BK-28623 18/07/2023 95 475.00 03/08/2007 Books 028623